Доклады научно-технической конференции по итогам научно-исследовательских работ за 1966-1967 годы; Подсекция проблемной лаборатории по постоянным магнитам

Bibliographic Details
Corporate Author: Московский энергетический институт (МЭИ)
Other Authors: Балагуров В. А. (редактор)
Language:Russian
Published: Москва, Изд-во МЭИ, 1967
Subjects:
Format: MixedMaterials Book
KOHA link:https://koha.lib.tpu.ru/cgi-bin/koha/opac-detail.pl?biblionumber=312350

MARC

LEADER 00000nam0a2200000 4500
001 312350
005 20231102002458.0
035 |a (RuTPU)RU\TPU\book\337718 
035 |a RU\TPU\book\337715 
090 |a 312350 
100 |a 20151221d1967 k y0rusy50 ca 
101 0 |a rus 
102 |a RU 
105 |a a z 001zy 
200 1 |a Доклады научно-технической конференции по итогам научно-исследовательских работ за 1966-1967 годы  |a Подсекция проблемной лаборатории по постоянным магнитам  |f Московский энергетический институт (МЭИ) ; под ред. В. А. Балагурова [и др.] 
210 |a Москва  |c Изд-во МЭИ  |d 1967 
215 |a 368 с.  |c ил. 
320 |a Библиогр. в конце ст. 
606 1 |a Магниты постоянные  |x Стабильность  |x Производство  |2 stltpush  |3 (RuTPU)RU\TPU\subj\40912  |9 60742 
610 1 |a конференции 
610 1 |a бесконтактные генераторы 
610 1 |a турбогенераторы 
610 1 |a исследования 
610 1 |a разработка 
610 1 |a преобразователи частоты 
610 1 |a автомобильные генераторы 
610 1 |a смешанное возбуждение 
610 1 |a напряжение 
610 1 |a регулирование 
675 |a 621.318.2  |v 4 
702 1 |a Балагуров  |b В. А.  |4 340 
712 0 2 |a Московский энергетический институт (МЭИ)  |c (1930-1992)  |2 stltpush  |3 (RuTPU)RU\TPU\col\20092 
801 1 |a RU  |b 63413507  |c 20151221 
801 2 |a RU  |b 63413507  |c 20151224  |g RCR 
942 |c BK